000 00402nam a2200145Ia 4500
008 150201s2010 xx 000 0 und d
082 _a310
_bB2010D
100 _aWAYNE ,W.DANIEL
245 _aBIOSTATICS : BASIC CONCEPTS AND METHODOLOGY
250 _a9TH
260 _bWILEY BLACKWELL PUBLISHING
_aINDIA
_c2010
300 _a1-782
650 _aPREVENTIVE AND COMMUNITY DENTISTRY
942 _2ddc
_cBK
_01
999 _c4772
_d4772